KOHA-Header-6

Bioinformatics a practical guide to the analysis of genes and proteins (Record no. 2288)

000 -LEADER
fixed length control field 00357nam a2200121Ia 4500
008 - FIXED-LENGTH DATA ELEMENTS--GENERAL INFORMATION
fixed length control field 190802s9999 xx 000 0 und d
020 ## - INTERNATIONAL STANDARD BOOK NUMBER
International Standard Book Number 978-81-265-2192-0
100 ## - MAIN ENTRY--PERSONAL NAME
Personal name Andreas D.Baxevanis
245 #0 - TITLE STATEMENT
Title Bioinformatics a practical guide to the analysis of genes and proteins
260 ## - PUBLICATION, DISTRIBUTION, ETC. (IMPRINT)
Place of publication, distribution, etc New Delhi
Name of publisher, distributor, etc Wiley Blackwell
Date of publication, distribution, etc 2014
300 ## - PHYSICAL DESCRIPTION
Extent 430:P
942 ## - ADDED ENTRY ELEMENTS (KOHA)
Koha item type Books
Holdings
Withdrawn status Lost status Damaged status Not for loan Permanent Location Current Location Shelving location Date acquired Total Checkouts Total Renewals Full call number Barcode Checked out Date last seen Date checked out Price effective from Koha item type
        MAJU MAJU Shelf No.A36 2019-08-03 11 1 572.86 8911 2024-08-28 2024-02-29 2024-02-29 2019-08-03 Bio Science

Powered by Koha